000 00311 a2200133 4500
001 155557
040 _cEscola São Tomás de Aquino
100 _aOLIVEIRA, Maria Lucia de
240 1 0 _aLíngua portuguesa
_lpor
245 1 0 _aLíngua portuguesa
300 _a136
697 _aLíngua portuguesa
942 _cBK
999 _c155557
_d155557